000 00284nam a22001337a 4500
008 190227b xxu||||| |||| 00| 0 eng d
020 _a0815104391
041 _aeng
080 _a618
100 _a10
101 _aEND
245 _aEndocrinology
_cBraverman,L.E
942 _2udc
_cBK
999 _c54343
_d54343